000
00323nam a22001457a 4500
003
SGT
020
_a
8187412097
082
_a
320
_b
P03M
100
_a
MONTEIRO, ARTHUR
245
_a
PAKISTAN : THE ROT DEEPENS
260
_b
WORDSMITHS COMPILATION
_c
2003
300
_a
454
650
_a
POLITICAL SCIENCE
942
_2
ddc
_c
BK
999
_c
28019
_d
28019